Statistics for Portuguese Presidents

Click here to take the quiz!

General Stats

  • This quiz has been taken 9 times
  • The average score is 17 of 22

Answer Stats

HintAnswer% Correct
2006-2016Aníbal Cavaco Silva
100%
1996-2006Jorge Sampaio
100%
2016-Marcelo Rebelo de Sousa
100%
1986-1996Mário Soares
100%
1974António de Spínola
86%
1976-1986António Ramalho Eanes
86%
1915-1917Bernardino Machado
86%
1925-1926Bernardino Machado
86%
1911-1915
Manuel de Arriaga
86%
1974-1976Francisco da Costa Gomes
86%
1926Manuel Gomes da Costa
86%
1915Teófilo Braga
86%
1958-1974Américo Thomaz
71%
1935António de Oliveira Salazar
71%
1926José Mendes Cabeçadas
71%
1926-1935Óscar Carmona
71%
1935-1951Óscar Carmona
71%
1951-1958Francisco Craveiro Lopes
57%
1917-1918Sidónio Pais
57%
1919-1923António José de Almeida
43%
1918-1919João do Canto e Castro
43%
1923-1925Manuel Teixeira Gomes
29%

Score Distribution

Percentile by Number Answered

Percent of People with Each Score

Your Score History

You have not taken this quiz